000 01365nam a2200301 a 4500
001
003 DO-SdBNP
005 20250318153806.0
008 101011s19uu sp 000 0 spa d
040 _aDO-SdBNP
_bspa
_cBNPHU
049 _a
082 _a970.016
_bC335hi
_222
100 1 _aCasas, Bartolomé de las
_eFray
_d1474 -1566
_946241
245 1 0 _aHistoria de las Indias /
_cFray Bartolomé de las Casas ; prólogo Gonzalo de Reparaz
260 _aMadrid :
_b M. Aguilar,
_c[193-?]
300 _a3 v. ;
_c22 cm.
500 _aIncluye referencias bibliográficas y notas al pie de las páginas
500 _aContiene una carta manuscrita de Fray Bartolomé de las Casas, y biografiada por el (p. 1)
505 0 _aFray Bartolomé de las Casas. su tiempo y su obra.
_gv.1 :
_t Historia de las Indias : Libro primero : Desde la creación del cielo y de la tierra hasta la merced que los reyes le hicieron en este año de 1947.
590 _aInventariado,2020/VM
600 0 _aCOLÓN, CRISTOBAL,
_d1436-1456
_919795
650 4 _aTrato a los indígenas
_zAmérica Latina
_918560
651 4 _aAmérica --
_xDescubrimiento y exploración --
_xEspañoles
_9544
_vEnsayo, conferencias, etc.
651 4 _aEspaña
_xColonias
_xAmérica
_9830
700 1 _aReparaz, Gonzalo de
_9546
_epról.
910 _aVMateo / Validado. Control de calidad MFF
942 _2ddc
_cLBS1
999 _c49276
_d49276